Normal view
MARC view
Entry Personal Name
001 - CONTROL NUMBER
- control field: 61958
003 - CONTROL NUMBER IDENTIFIER
- control field: OSt
005 - DATE AND TIME OF LATEST TRANSACTION
- control field: 20160603121523.0
008 - FIXED-LENGTH DATA ELEMENTS
- fixed length control field: 160603|| aca||aabn | a|a d
040 ## - CATALOGING SOURCE
- Original cataloging agency: OSt
- Transcribing agency: OSt
100 ## - HEADING--PERSONAL NAME
- Personal name: सिंधानिया, विजयपत
670 ## - SOURCE DATA FOUND
- Source citation: Work cat.: (OSt)41988: सिंधानिया, विजयपत , मेरे साथ एक नन्ही परी , 2009









